Theory of structural geology / (Record no. 2041)
[ view plain ]
| 000 -LEADER | |
|---|---|
| fixed length control field | 00337nam a22001337a 4500 |
| 020 ## - ISBN | |
| International Standard Book Number | 8123904533 |
| 050 00 - LIBRARY OF CONGRESS CALL NUMBER | |
| Classification Number | QE601 |
| Item Number | .G6 2010 |
| 100 10 - MAIN ENTRY--Author | |
| Personal name | Gokhale, N. W. |
| 245 10 - TITLE | |
| Title | Theory of structural geology / |
| Statement of responsibility, etc | N. W. Gokhale. |
| 260 ## - PUBLICATION, DISTRIBUTION, ETC.(IMPRINT) | |
| Place of publication, distribution, etc | New Delhi : |
| Name of publisher, distributor, etc | CBS, |
| Date of publication, distribution, etc | 2010. |
| 300 ## - PHYSICAL DESCRIPTION | |
| Extent | v, 224 p. : ill. ; |
| 650 #0 - SUBJECT--TOPIC | |
| Topical term following geographic name as entry element | Geology |
| General subdivision | Theories. |
| 942 ## - ADDED ENTRY ELEMENTS(KOHA) | |
| Koha item type | General circulation |
| Source of classification or shelving scheme | Not for loan | Location (home branch) | Sublocation (holding branch) | Date accessioned | Cost, normal purchase price | Full call number | Barcode | Copy number | Cost, replacement price | Nonpublic note | Koha item type | Public note |
|---|---|---|---|---|---|---|---|---|---|---|---|---|
| Library of Congress Classification | Main Campus Library | Main Campus Library | 27/08/2014 | 742.00 | QE601 .G6 2010 | 2019/022861 | C.1 | 1242.00 | Rono | General circulation | Rono | |
| Library of Congress Classification | Main Campus Library | Main Campus Library | 27/08/2014 | 742.00 | QE601 .G6 2010 | 2019/022863 | C.2 | 1242.00 | Rono | General circulation | Rono | |
| Library of Congress Classification | Main Campus Library | Main Campus Library | 27/08/2014 | 742.00 | QE601 .G6 2010 | 2019/022862 | C.3 | 1242.00 | Rono | General circulation | Rono |